| 000 | 00753nam a2200265Ia 4500 | ||
|---|---|---|---|
| 003 | OSt | ||
| 005 | 20220912150620.0 | ||
| 006 | a|||||r|||| 00| 0 | ||
| 007 | ta | ||
| 008 | 220909b |||||||| |||| 00| 0 eng d | ||
| 024 | _a19522 | ||
| 037 | _cTextbook | ||
| 040 |
_aCSL _beng _cCSL |
||
| 041 | _aeng | ||
| 082 | _aY15:(L:57), M6 | ||
| 100 | _aStern Phyllis Noerager Ed. | ||
| 245 | 0 | _aWomen , health and culture | |
| 260 |
_aWashington _bHemispherePub Corporation _c1986 |
||
| 300 |
_axiv, 190p. _ccm. |
||
| 490 | _aHealth care for women international | ||
| 650 | _a Health behaviour | ||
| 650 | _aWomen-Helath and hygine | ||
| 942 |
_hY15:(L:57), M6 _cTB _2CC |
||
| 999 |
_c51000 _d51000 |
||